000 05116cam a22007694i 4500
001 u49357
003 PE-LiUPU
005 20250731173400.0
008 150706s2007 ag a rb 000 0 spa d
020 _a9789875672727
035 _a(Sirsi) i9789875672727
040 _aPE-LiUPU
_bspa
_cPE-LiUPU
_erda
049 _aPRUA
082 0 4 _a209.07
_bP86 2007
082 0 4 _a209.07
_bP86
_221
100 1 _aPriora, Juan Carlos,
_eautor.
245 1 3 _aLa ciencia histórica y la fe :
_buna perspectiva trascendente para interpretar y enseñar la historia /
_cJuan Carlos Priora.
264 1 _aFlorida :
_bACES,
_c2007.
300 _a238 páginas :
_bilustraciones ;
_c23 centímetros.
336 _atext
_2rdacontent
337 _aunmediated
_2rdamedia
338 _avolume
_2rdacarrier
504 _aIncluye Bibliografía.
505 0 _aLa ciencia y la fe razonada, ¿son incompatibles? -- Importancia y utilidad de la historia -- Las fuentes de la historia -- Historia y profecía -- La prehistoria -- La edad antigua -- La edad media -- La edad moderna -- La edad contemporánea -- ¿Hacia dónde vamos?.
526 _aSEG42
526 _aSEG41
526 _aSEG40
526 _aSEG39
526 _aP94
526 _aP87
526 _aP86
526 _aP85
526 _aP77
526 _aP76
526 _aP35
541 _g001-000280;
541 _g0300-000718;
596 _a1 2 3 4
650 1 4 _aCiencia y religión.
650 2 4 _aFe.
_93098
910 _agl
_bjck
_d20110214
910 _cwelc
_d20161024
942 _2ddc
_cBOOK
994 _aC0
_bPEPRU
949 _a209.07 P86 2007
_wDEWEY
_c1
_iFJ03193
_f2017-12-29
_g1
_lCCODEBUJ1
_mBUJ
_p6.00
_r0
_sY
_tBOOK
_u2016-10-24
_xBIBLIOTECA
_zUNKNOWN
_0COMPRA
_o.STAFF. Colección General Juliaca
949 _a209.07 P86
_wDEWEY
_c2
_i75677
_d2017-11-12
_f2018-2-8
_g2
_lCCODEBUL1
_mBUL
_p29.96
_q1
_r0
_sY
_tBOOK
_u2017-2-6
_xTEOLOGIA
_PP35
_0COMPRA
_o.STAFF. Colección Teología
949 _a209.07 P86
_wDEWEY
_c3
_i75678
_f2018-2-8
_g2
_lCCODEBUL1
_mBUL
_p29.96
_r0
_sY
_tBOOK
_u2017-2-6
_xTEOLOGIA
_PP35
_0COMPRA
_o.STAFF. Colección Teología
949 _a209.07 P86
_wDEWEY
_c4
_i75679
_d2018-5-14
_f2018-2-8
_g2
_lCCODEBUL1
_mBUL
_p29.96
_q1
_r0
_sY
_tBOOK
_u2017-2-6
_xTEOLOGIA
_PP35
_0COMPRA
_o.STAFF. Colección Teología
949 _a261.55 P86
_wDEWEY
_c1
_iFT02414
_d2018-6-1
_e2018-5-30
_lCCODEBUT1
_mBUT
_n2
_p7.00
_r0
_sY
_tBOOK
_u2016-7-8
_xBIBLIOTECA
_zUNKNOWN
_0COMPRA
_o.STAFF. Colección General
949 _a261.55 P86
_wDEWEY
_c2
_iFT03128
_d2018-5-17
_e2018-5-17
_lCCODEBUT1
_mBUT
_n2
_p14.00
_r0
_sY
_tBOOK
_u2016-11-17
_xBIBLIOTECA
_zUNKNOWN
_0COMPRA
_o.STAFF. Colección General
949 _aBR115.H5 P75 2007
_wDEWEY
_c1
_iCW62577
_lCIAE6
_mBWL
_p29.00
_r0
_sY
_tBOOK
_u2017-4-20
_xWHITE
_zUNKNOWN
_0COMPRA
_o.STAFF. Centro White
949 _aBR115.H5 P75 2007
_wDEWEY
_c2
_iCW00331
_lCIAE6
_mBWL
_p29.00
_r0
_sY
_tBOOK
_u2017-4-20
_xWHITE
_zUNKNOWN
_0COMPRA
_o.STAFF. Centro White
949 _aBR115.H5 P75 2007
_wDEWEY
_c3
_iCW00332
_lCIAE6
_mBWL
_p29.00
_r0
_sY
_tBOOK
_u2017-4-20
_xWHITE
_zUNKNOWN
_0COMPRA
_o.STAFF. Centro White
949 _aBR115.H5 P75 2007
_wDEWEY
_c4
_iCW00330
_lCIAE6
_mBWL
_p29.00
_r0
_sY
_tBOOK
_u2017-4-20
_xWHITE
_zUNKNOWN
_0COMPRA
_o.STAFF. Centro White
999 _a209.07 P86
_wDEWEY
_c51695
_i75677
_d51695
_f2021-11-9
_g6
_lCCODEBUL1
_mBUL
_p29.96
_q1
_r0
_sY
_tBOOK
_u2017-2-6
_xTEOLOGIA
_PP35
_0COMPRA
_o.STAFF. Colección Teología
999 _a209.07 P86
_wDEWEY
_c3
_i75678
_f2021-11-9
_g5
_lCCODEBUL1
_mBUL
_p29.96
_r0
_sY
_tBOOK
_u2017-2-6
_xTEOLOGIA
_PP35
_0COMPRA
_o.STAFF. Colección Teología
999 _a209.07 P86
_wDEWEY
_c4
_i75679
_d2018-8-27
_e2018-8-23
_f2021-11-9
_g5
_lCCODEBUL1
_mBUL
_n1
_p29.96
_q3
_r0
_sY
_tBOOK
_u2017-2-6
_xTEOLOGIA
_PP35
_0COMPRA
_o.STAFF. Colección Teología
999 _a261.55 P86
_wDEWEY
_c1
_iFT02414
_d2018-6-1
_e2018-5-30
_lCCODEBUT1
_mBUT
_n2
_p7.00
_r0
_sY
_tBOOK
_u2016-7-8
_xBIBLIOTECA
_zUNKNOWN
_0COMPRA
_o.STAFF. Colección General
999 _a261.55 P86
_wDEWEY
_c2
_iFT03128
_d2018-5-17
_e2018-5-17
_f2019-2-20
_g1
_lCCODEBUT1
_mBUT
_n2
_p14.00
_r0
_sY
_tBOOK
_u2016-11-17
_xBIBLIOTECA
_zUNKNOWN
_0COMPRA
_o.STAFF. Colección General
999 _a209.07 P86 2007
_wDEWEY
_c1
_iFJ03193
_f2022-2-3
_g3
_lCCODEBUJ1
_mBUJ
_p6.00
_r1
_sY
_tBOOK
_u2016-10-24
_xBIBLIOTECA
_zUNKNOWN
_0COMPRA
_o.STAFF. Colección General Juliaca
999 _a209.07 P86 2007
_wDEWEY
_c1
_iCW62577
_f2021-12-22
_g2
_lCCODECWL1
_mBWL
_p29.00
_r0
_sY
_tBOOK
_u2017-4-20
_xWHITE
_zUNKNOWN
_0COMPRA
_o.STAFF. Centro White
999 _a209.07 P86 2007
_wDEWEY
_c2
_iCW00331
_f2021-12-22
_g2
_lCCODECWL1
_mBWL
_p29.00
_r0
_sY
_tBOOK
_u2017-4-20
_xWHITE
_zUNKNOWN
_0COMPRA
_o.STAFF. Centro White
999 _a209.07 P86 2007
_wDEWEY
_c3
_iCW00332
_f2021-12-22
_g2
_lCCODECWL1
_mBWL
_p29.00
_r0
_sY
_tBOOK
_u2017-4-20
_xWHITE
_zUNKNOWN
_0COMPRA
_o.STAFF. Centro White
999 _a209.07 P86 2007
_wDEWEY
_c4
_iCW00330
_mBWL
_p29.00
_r0
_sY
_tBOOK
_u2017-4-20
_xWHITE
_zUNKNOWN
_0COMPRA
_o.STAFF. Centro White
980 _81
_gALBERTO SANCHEZ Responsable de Automatización